Pays ou il y a le plus de Grecs - Statistiques

Statistiques générales
  • Ce quiz a été pris 238 fois
  • Le résultat moyen est 10 sur 16
Statistiques - réponses
Nombre Pays % Correct
10 000 000 Grèce
99%
35 000 France
94%
Entre 1 279 000 et 3 000 000 États-Unis
89%
Entre 30 000 et 200 000 Italie
84%
252 960 Canada
80%
395 000 Allemagne
76%
Entre 290 000 et 345 000 Royaume-Uni
69%
Entre 650 000 et 721 000 Chypre
65%
85 640 Russie
63%
200 000 Albanie
60%
50 000 Brésil
57%
378 300 Australie
56%
Entre 20 000 et 30 000 Argentine
46%
35 000 Belgique
45%
91 000 Ukraine
25%
45 000 Afrique du Sud
5%
Aucun quiz correspondant
Distribution des résultats
% des personnes avec chaque résultat
Percentile par nombre de réponses
Votre historique - résultats
Vous n’avez pas pris ce quiz